[Event "?"]
[Site "masterchessopen.com – Mar del Plata (Argentina)"]
[Round "0"]
[White "Letelier Rene (CHI)"]
[Black "Panno Oscar (ARG)"]
[Result "0-1"]
[WhiteElo "2151"]
[BlackElo "2438"]

1.d4 Nf6 2.c4 g6 3.Nc3 Bg7 4.e4 d6 5.Nf3 O-O 6.Be2 Nbd7 7.O-O e5 8.Re1 c6
9.Bf1 a5 10.dxe5 dxe5 11.Na4 Qe7 12.Qc2 Nc5 13.Nxc5 Qxc5 14.h3 Nh5 15.Be3 Qe7
16.c5 Nf4 17.Rad1 Rd8 18.Rxd8+ Qxd8 19.Qd2 Be6 20.b3 Qf6 21.Rd1 h6 22.Ne1 Kh7
23.Nd3 Nxd3 24.Bxd3 Bf8 25.Qc3 a4 26.f4 axb3 27.axb3 Bg7 28.f5 gxf5 29.Rf1 Rd8
30.exf5 Bd5 31.Qc2 Kh8 32.b4 Qh4 33.Bf2 Qxb4 34.f6 Bxf6 35.Be1 Qd4+ 36.Bf2 Qf4
37.Be1 Qe3+ 38.Bf2 Qg5 39.Be1 Rg8 40.g4 Qe3+ {#R} 0-1

[Event "Ch Bulgaria"]
[Site "masterchessopen.com – Sofia (Bulgaria)"]
[Round "1"]
[White "Minev Nikolay N (USA)"]
[Black "Padevsky Nikola (BUL)"]
[Result "1-0"]
[WhiteElo "2370"]
[BlackElo "2355"]

1.c4 Nf6 2.Nc3 e5 3.Nf3 d6 4.d4 Nbd7 5.e4 g6 6.Be2 Bg7 7.O-O O-O 8.Re1 c6
9.Bf1 a5 10.b3 exd4 11.Nxd4 Nc5 12.f3 Nfd7 13.Be3 Ne5 14.Qd2 Qf6 15.Rad1 Qe7
16.h3 f6 17.f4 Nf7 18.Bf2 Qc7 19.g3 Re8 20.Bg2 Bd7 21.Kh2 Rad8 22.Qc2 Re7
23.Ndb5 Qb8 24.Nxd6 Nxd6 25.Bxc5 Bc8 26.Bb6 Rde8 27.c5 Nf7 28.Bxa5 g5 29.Ne2
Bh6 30.Rf1 f5 31.e5 gxf4 32.Nxf4 Rxe5 33.Qf2 Bf8 34.Rc1 Ng5 35.Bc3 Bxc5
36.Bxe5 {#r} 1-0

[Event "Ch Argentina"]
[Site "masterchessopen.com – Buenos Aires (Argentina)"]
[Round "7"]
[White "Incutto Carlos"]
[Black "Najdorf Miguel (POL)"]
[Result "0-1"]
[WhiteElo "2200"]
[BlackElo "2445"]

1.d4 Nf6 2.c4 g6 3.Nc3 Bg7 4.e4 d6 5.Nf3 O-O 6.Be2 Nbd7 7.O-O e5 8.Re1 c6
9.Bf1 a5 10.d5 Nc5 11.b3 cxd5 12.cxd5 Bd7 13.Nd2 Ne8 14.a4 f5 15.Nc4 Nxe4
16.Nxe4 fxe4 17.Be3 Nf6 18.Bb6 Qe7 19.Bc7 Ng4 20.f3 exf3 21.gxf3 Qh4 22.Ra2
Rxf3 23.Qxf3 Qxe1 24.Bxd6 e4 25.Qe2 Qh4 26.Bg3 Qg5 27.Bg2 Rf8 28.h4 Bd4+
29.Kh1 Qf6 30.Qxe4 Bf2 31.Qd3 Re8 32.Nd2 {#R} 0-1

[Event "Ch Ukraine"]
[Site "masterchessopen.com – Kiev (Ukraine)"]
[Round "13"]
[White "Sakharov Yuri N (RUS)"]
[Black "Rotstein Efim (GER)"]
[Result "1-0"]
[WhiteElo "2475"]
[BlackElo "2341"]

1.d4 Nf6 2.c4 g6 3.Nc3 Bg7 4.e4 O-O 5.Be2 d6 6.Nf3 Nbd7 7.O-O e5 8.Re1 c6
9.Bf1 a5 10.h3 Re8 11.Be3 a4 12.d5 cxd5 13.cxd5 Qa5 14.Nd2 Nc5 15.Nc4 Qd8
16.Bxc5 dxc5 17.Nb5 Ra6 18.d6 Re6 19.Nc7 Rexd6 20.Nxd6 Rxd6 21.Nd5 Nxd5
22.exd5 a3 23.bxa3 Rxd5 24.Qb3 Rd4 25.Bc4 Qe7 26.Rad1 h5 27.Rxd4 cxd4 28.Bd5
Bh6 29.Qg3 Kg7 30.Qxe5+ Qxe5 31.Rxe5 d3 32.Re7 Kf6 33.Rxf7+ Ke5 34.Bxb7 Be6
35.Rc7 Bxa2 36.Bf3 Bb3 37.Rc6 d2 38.Rxg6 Bf8 39.Rg5+ Kd4 40.Bxh5 Bxa3 41.Rg3
Bf7 42.Bd1 Bd6 43.Re3 Kc4 44.h4 Bc5 45.Rh3 Be6 46.g4 Kd4 47.h5 Ke4 48.h6 Bd4
49.h7 Bh8 50.Re3+ {#r} 1-0

[Event "It"]
[Site "masterchessopen.com – Mar del Plata (Argentina)"]
[Round "0"]
[White "Rossetto Hector (ARG)"]
[Black "Bielicki Carlos (ARG)"]
[Result "1-0"]
[WhiteElo "2285"]
[BlackElo "2315"]

1.c4 Nf6 2.Nc3 g6 3.e4 d6 4.d4 Bg7 5.Be2 O-O 6.Nf3 e5 7.O-O Nbd7 8.Re1 c6
9.Bf1 a5 10.dxe5 dxe5 11.Na4 Qe7 12.Qc2 Ne8 13.Bg5 f6 14.Be3 Nc7 15.c5 Ne6
16.Bc4 Kh8 17.Bb3 f5 18.exf5 gxf5 19.Qc4 Re8 20.Rad1 e4 21.Qxe6 Qxe6 22.Bxe6
Rxe6 23.Nh4 Rf6 24.f3 Rf8 25.Bd4 Bxd4+ 26.Rxd4 Nf6 27.Nb6 Rb8 28.Nxc8 Rbxc8
29.Nxf5 exf3 30.gxf3 Nd5 31.Nd6 Rc7 32.Kf2 Rd7 33.Re6 Rg7 34.Re8 Rxe8 35.Nxe8
Rd7 36.Ra4 b6 37.cxb6 Nxb6 38.Rf4 Rd2+ 39.Ke3 Rg2 40.Rf8+ Rg8 41.Rxg8+ Kxg8
42.Nd6 Kg7 43.Kd4 Nd7 44.Nc4 a4 {#r} 1-0

[Event "Ch URS (young masters)"]
[Site "masterchessopen.com – Batoumi (Georgia)"]
[Round "0"]
[White "Dzindzichashvili Roman (USA)"]
[Black "Gulko Boris F (USA)"]
[Result "1-0"]
[WhiteElo "2550"]
[BlackElo "2535"]

1.d4 Nf6 2.c4 g6 3.Nc3 Bg7 4.e4 d6 5.Nf3 O-O 6.Be2 e5 7.O-O Nbd7 8.Re1 c6
9.Bf1 a5 10.Rb1 Re8 11.b3 exd4 12.Nxd4 d5 13.cxd5 cxd5 14.Bg5 h6 15.Bh4 dxe4
16.Ndb5 Nc5 17.Nd6 Re7 18.Bxf6 Bxf6 19.Ndxe4 Rd7 20.Nxf6+ Qxf6 21.Re8+ Kg7
22.Nd5 Rxd5 23.Qxd5 Be6 24.Rxe6 Nxe6 25.Qxb7 Rd8 26.Qf3 Qxf3 27.gxf3 Rd2 28.a3
Nd4 29.b4 axb4 30.axb4 Nxf3+ 31.Kg2 Ne5 32.b5 Nd7 33.b6 Kf6 34.b7 Nb8 35.Kf3
Ke7 36.Ke3 Rd7 37.Bg2 Rd8 38.Rc1 Rd7 39.Rc8 Rd8 40.Kf4 Nd7 41.Bd5 Rf8 42.Ke3
f6 43.Kd4 Rd8 44.Kc3 Nb8 45.Kc4 Nd7 46.Kb5 Nb8 47.Bc6 {#r} 1-0

[Event "Ch Armed Forces"]
[Site "masterchessopen.com – ?"]
[Round "0"]
[White "Ivanov Alexander S (RUS)"]
[Black "Chebanenko Vecheslav (MDA)"]
[Result "1-0"]
[WhiteElo "2089"]
[BlackElo "2410"]

1.d4 g6 2.c4 Bg7 3.Nc3 d6 4.e4 e5 5.Nf3 Nd7 6.Be2 Ngf6 7.O-O O-O 8.Re1 c6
9.Bf1 a5 10.Rb1 Re8 11.d5 Nc5 12.b3 Bd7 13.a3 cxd5 14.cxd5 a4 15.Nd2 axb3
16.Nxb3 Na4 17.Na2 Qc7 18.Bd2 Reb8 19.Rc1 Qd8 20.Bb4 Ne8 21.Nc3 Bh6 22.Rc2 Rc8
23.Nxa4 Bxa4 24.Rxc8 Rxc8 25.Qb1 f5 26.exf5 gxf5 27.Qxf5 Bxb3 28.Qh3 Bxd5
29.Qxh6 Qe7 30.Re3 Nf6 31.Rg3+ Kh8 32.Bxd6 {#r} 1-0

[Event "Ch Sweden"]
[Site "masterchessopen.com – Eskilstuna (Sweden)"]
[Round "5"]
[White "Nordstrom Felix (SWE)"]
[Black "Malmgren Sven-Goran (SWE)"]
[Result "0-1"]
[WhiteElo "2181"]
[BlackElo "2400"]

1.d4 Nf6 2.c4 g6 3.Nc3 Bg7 4.e4 d6 5.Nf3 O-O 6.Be2 e5 7.O-O Nbd7 8.Re1 c6
9.Bf1 a5 10.Rb1 Re8 11.d5 Nc5 12.b3 cxd5 13.cxd5 Bd7 14.Nd2 Qc7 15.Nb5 Bxb5
16.Bxb5 Rf8 17.Bf1 Bh6 18.f3 Nh5 19.g3 Ng7 20.Nc4 Bxc1 21.Qxc1 b5 22.Nxa5 b4
23.Nc6 Qb6 24.Qe3 Rxa2 25.Rec1 f5 26.Nxe5 fxe4 27.Nc4 Nf5 28.Nxb6 Nxe3 29.f4
g5 30.Re1 Nxf1 31.Rxf1 gxf4 32.Rxf4 Rxf4 33.gxf4 e3 34.Nc4 e2 35.Ne3 Nd3
36.Ng2 Rd2 37.Re1 Rd1 {#R} 0-1

[Event "It"]
[Site "masterchessopen.com – Zagreb (Croatia)"]
[Round "13"]
[White "Gliksman Darko (CRO)"]
[Black "Minic Dragoljub (CRO)"]
[Result "0-1"]
[WhiteElo "2385"]
[BlackElo "2490"]

1.d4 Nf6 2.c4 g6 3.Nc3 Bg7 4.e4 d6 5.Nf3 O-O 6.Be2 e5 7.O-O Nbd7 8.Re1 c6
9.Bf1 a5 10.d5 Nc5 11.Bg5 h6 12.Bh4 g5 13.Bg3 Nh5 14.Nd2 Nf4 15.Nb3 Nxb3
16.Qxb3 c5 17.Qc2 f5 18.exf5 Bxf5 19.Ne4 g4 20.Qd2 Bg6 21.Kh1 h5 22.Bxf4 exf4
23.Bd3 Bxe4 24.Rxe4 Be5 25.Rae1 Qf6 26.Qc2 Rf7 27.b3 f3 28.g3 Raf8 29.h4 gxh3
30.Rh4 Qg5 31.Qb1 Rg7 32.a3 Bxg3 {#R} 0-1

[Event "Ch Australia"]
[Site "masterchessopen.com – Cooma (Australia)"]
[Round "14"]
[White "Hay Trevor (AUS)"]
[Black "Parr David (ENG)"]
[Result "1-0"]
[WhiteElo "2287"]
[BlackElo "2007"]

1.d4 Nf6 2.c4 g6 3.Nc3 Bg7 4.e4 d6 5.Nf3 O-O 6.Be2 e5 7.O-O Nbd7 8.Re1 c6
9.Bf1 a5 10.dxe5 dxe5 11.Qc2 Qe7 12.h3 Nc5 13.Be3 Nh5 14.Rad1 Ne6 15.Na4 Rb8
16.Nb6 Nc5 17.Bd2 f5 18.Nxc8 Rbxc8 19.exf5 Rxf5 20.Bxa5 Nf4 21.Nd2 Rcf8 22.Ne4
Nxe4 23.Qxe4 Rg5 24.Re3 Ne6 25.Bc3 Rf4 26.Qd3 Qf7 27.f3 Nd4 28.Kh1 Nf5 29.Qd8+
Bf8 30.Qxg5 Nxe3 31.Qxe5 {#r} 1-0

[Event "Memorial A.Sokolsky"]
[Site "masterchessopen.com – Minsk (Belarus)"]
[Round "0"]
[White "Mukhin Mikhail (RUS)"]
[Black "Litvinov Vladimir (BLR)"]
[Result "1-0"]
[WhiteElo "2420"]
[BlackElo "2236"]

1.d4 Nf6 2.c4 g6 3.Nc3 Bg7 4.e4 d6 5.Nf3 O-O 6.Be2 e5 7.O-O Nbd7 8.Re1 c6
9.Bf1 a5 10.b3 Re8 11.Bb2 exd4 12.Nxd4 Nc5 13.Qc2 Nh5 14.Rad1 f5 15.Re3 Bh6
16.Re2 Nf4 17.Ree1 Bg7 18.Re3 Nfe6 19.Nf3 f4 20.Ree1 g5 21.h3 g4 22.hxg4 Ng5
23.Nxg5 Qxg5 24.f3 Be5 25.Na4 Ne6 26.c5 Nxc5 27.Nb6 Be6 28.Nxa8 Rxa8 29.Bxe5
Qxe5 30.Qd2 Rd8 31.Qxa5 {#r} 1-0

[Event "Match"]
[Site "masterchessopen.com – DDR"]
[Round "0"]
[White "Malich Burkhard Dr (GER)"]
[Black "Knaak Rainer (GER)"]
[Result "1-0"]
[WhiteElo "2520"]
[BlackElo "2510"]

1.Nf3 g6 2.d4 Bg7 3.c4 d6 4.Nc3 Nd7 5.e4 e5 6.Be2 Ngf6 7.O-O O-O 8.Re1 c6
9.Bf1 a5 10.Rb1 Re8 11.d5 Nc5 12.b3 Bd7 13.Bg5 h6 14.Bd2 Rf8 15.a3 cxd5
16.cxd5 b5 17.b4 axb4 18.axb4 Na4 19.Nxb5 Ng4 20.Nc3 Qb6 21.Qe2 Nxc3 22.Bxc3
f5 23.h3 fxe4 24.hxg4 exf3 25.gxf3 Ra3 26.Rec1 h5 27.Ra1 Rxa1 28.Rxa1 Qd8
29.Bg2 Qe8 30.Ra7 Rf4 31.Qa6 Bf8 32.Ra8 Qe7 33.Bd2 Rd4 34.Bh6 Rd1+ 35.Bf1 Be8
36.Bxf8 Kxf8 37.Kg2 hxg4 38.Bb5 gxf3+ 39.Kxf3 Qf6+ 40.Ke2 Rd4 41.Qa7 {#r} 1-0

[Event "Zt"]
[Site "masterchessopen.com – Pula (Croatia)"]
[Round "0"]
[White "Knaak Rainer (GER)"]
[Black "Hazai Laszlo (HUN)"]
[Result "0-1"]
[WhiteElo "2510"]
[BlackElo "2420"]

1.d4 d6 2.c4 e5 3.Nf3 Nd7 4.Nc3 Ngf6 5.e4 g6 6.Be2 Bg7 7.O-O O-O 8.Re1 c6
9.Bf1 a5 10.Rb1 Re8 11.d5 Nc5 12.b3 Bd7 13.dxc6 Bxc6 14.Qc2 Rc8 15.Ba3 Qb6
16.Rbd1 Rcd8 17.Qb1 Bh6 18.h3 Rf8 19.Nd2 Rc8 20.Bc1 Kg7 21.Nd5 Nxd5 22.cxd5
Bxd2 23.Bxd2 Bd7 24.Qb2 f5 25.exf5 gxf5 26.Kh2 f4 27.Bc3 Qd8 28.Qd2 b6 29.g3
Kg8 30.Qe2 Qf6 31.Bb2 fxg3+ 32.fxg3 Qf2+ 33.Bg2 Nxb3 34.Bxe5 Rc2 35.Qf1 Nd2
36.Qxf2 Rxf2 37.Kg1 Nc4 {#R} 0-1

[Event "Ch DDR"]
[Site "masterchessopen.com – Stralsund (Germany)"]
[Round "5"]
[White "Liebert Heinz (GER)"]
[Black "Heinsohn Guenter (GER)"]
[Result "1-0"]
[WhiteElo "2247"]
[BlackElo "2167"]

1.c4 Nf6 2.Nf3 g6 3.Nc3 Bg7 4.e4 d6 5.d4 O-O 6.Be2 e5 7.O-O Nbd7 8.Re1 c6
9.Bf1 a5 10.Rb1 exd4 11.Nxd4 Nc5 12.f3 Re8 13.Be3 Nh5 14.Qd2 Be5 15.Rbd1 Qe7
16.g3 Bd7 17.Nb3 Be6 18.Nxc5 dxc5 19.Na4 Red8 20.Bxc5 Rxd2 21.Bxe7 Bd4+ 22.Kh1
Bf2 23.Rxd2 Bxe1 24.Rd8+ Rxd8 25.Bxd8 Bxg3 26.hxg3 Nxg3+ 27.Kg2 Nxf1 28.Kxf1
Bxc4+ 29.Kf2 b5 30.b3 Be6 31.Nc5 a4 32.bxa4 bxa4 33.a3 Bb3 34.Bf6 Kf8 35.Ke3
{#r} 1-0

[Event "Ch DDR"]
[Site "masterchessopen.com – Stralsund (Germany)"]
[Round "16"]
[White "Syre Christian (GER)"]
[Black "Vogt Lothar (GER)"]
[Result "0-1"]
[WhiteElo "2265"]
[BlackElo "2410"]

1.d4 Nf6 2.c4 d6 3.Nc3 Nbd7 4.e4 e5 5.Nf3 g6 6.Be2 Bg7 7.O-O O-O 8.Re1 c6
9.Bf1 a5 10.Rb1 Re8 11.b3 exd4 12.Nxd4 Nc5 13.f3 Bd7 14.Be3 Qe7 15.a3 Rad8
16.b4 axb4 17.axb4 Ne6 18.Qd2 Nh5 19.Nxe6 Bxe6 20.Bb6 Rc8 21.Nd5 Qd7 22.Nc3
Be5 23.Be3 Qe7 24.Na4 Ra8 25.Nb6 Ra3 26.Bd4 Ra2 27.Qc3 Rc2 28.Qe3 Bf4 29.Qb3
Rd2 30.Red1 Qh4 31.h3 Qxh3 {#R} 0-1

[Event "Ch \"]
[Site "masterchessopen.com – Riazan (Russia)"]
[Round "0"]
[White "Averkin Orest N (RUS)"]
[Black "Kozlov Vladimir N (RUS)"]
[Result "1-0"]
[WhiteElo "2376"]
[BlackElo "2445"]

1.d4 Nf6 2.c4 g6 3.Nc3 Bg7 4.e4 d6 5.Nf3 O-O 6.Be2 e5 7.O-O Nbd7 8.Re1 c6
9.Bf1 a5 10.h3 Re8 11.dxe5 dxe5 12.Be3 Qc7 13.Nd2 Bf8 14.Na4 b6 15.c5 b5
16.Nb6 Nxb6 17.cxb6 Qb7 18.a4 bxa4 19.Qxa4 Bd7 20.f3 Re6 21.Bc4 c5 22.Qa2 Rxb6
23.Bxf7+ Kg7 24.Nc4 Rb4 25.Nxe5 Bxh3 26.gxh3 Qc7 27.f4 Bd6 28.Bc4 Bxe5 29.fxe5
Qxe5 30.b3 Rf8 31.Qh2 {#r} 1-0

[Event "?"]
[Site "masterchessopen.com – Kikinda (Yugoslavia)"]
[Round "0"]
[White "Vukic Milan (BIH)"]
[Black "Minic Dragoljub (CRO)"]
[Result "1-0"]
[WhiteElo "2510"]
[BlackElo "2355"]

1.Nf3 g6 2.d4 Bg7 3.c4 d6 4.Nc3 Nd7 5.e4 e5 6.Be2 Ngf6 7.O-O O-O 8.Re1 c6
9.Bf1 a5 10.Rb1 Re8 11.d5 Nc5 12.b3 Bd7 13.Nd2 Bh6 14.a3 cxd5 15.cxd5 b5 16.b4
axb4 17.Rxb4 Rb8 18.Qc2 Na6 19.Rxb5 Bxb5 20.Bxb5 Nc5 21.Bxe8 Nxe8 22.Na2 Nc7
23.Nb4 Ra8 24.Nc6 Qf6 25.Nb3 Bxc1 26.Rxc1 N7a6 27.Nba5 Qf4 28.Re1 Nc7 29.g3
Qg4 30.Nxe5 {#r} 1-0

[Event "Ch Yugoslavia"]
[Site "masterchessopen.com – Yugoslavia"]
[Round "0"]
[White "Nemet Ivan (SUI)"]
[Black "Ivkov Borislav (SRB)"]
[Result "1-0"]
[WhiteElo "2348"]
[BlackElo "2520"]

1.Nf3 g6 2.c4 Bg7 3.d4 d6 4.Nc3 Nf6 5.e4 O-O 6.Be2 e5 7.O-O c6 8.Re1 Nbd7
9.Bf1 a5 10.Rb1 exd4 11.Nxd4 Re8 12.h3 Nc5 13.f3 Nh5 14.Be3 Be5 15.Qd2 Qf6
16.Nce2 a4 17.g4 Ng3 18.Bg2 Nxe2+ 19.Nxe2 a3 20.b3 Qe7 21.Rbd1 Bg7 22.Bd4 Be5
23.f4 Bxd4+ 24.Nxd4 Qc7 25.Nc2 Qb6 26.Kh1 Nxb3 27.axb3 Qxb3 28.Re3 Qxc4
29.Rxa3 Rxa3 30.Nxa3 Qa4 31.Qxd6 Be6 32.f5 Bb3 33.Rd4 Qa7 34.Rd3 Ba4 35.Qd4 c5
36.Qe3 b5 37.f6 Qb6 38.e5 Kh8 39.Rd7 Qe6 40.Qh6 {#r} 1-0

[Event "?"]
[Site "masterchessopen.com – DDR"]
[Round "0"]
[White "Baumbach Friedrich Dr (GER)"]
[Black "Syre Christian (GER)"]
[Result "0-1"]
[WhiteElo "2239"]
[BlackElo "2265"]

1.d4 d6 2.c4 e5 3.Nf3 Nd7 4.Nc3 g6 5.e4 Bg7 6.Be2 Ngf6 7.O-O O-O 8.Re1 c6
9.Bf1 a5 10.Rb1 exd4 11.Nxd4 Re8 12.Nc2 Qe7 13.Bf4 Ne5 14.Qd2 Nh5 15.Bg5 f6
16.Be3 Be6 17.b3 Ng4 18.Be2 Nxe3 19.Qxe3 f5 20.Bxh5 f4 21.Qf3 gxh5 22.Ne2 Be5
23.Nxf4 Rf8 24.g3 Bg4 25.Qe3 Qg7 26.Ne2 Rf3 27.Qd2 Raf8 28.Rf1 Bh3 29.Ncd4 Qg4
30.Nc3 Rxc3 {#R} 0-1

[Event "Ch DDR"]
[Site "masterchessopen.com – DDR"]
[Round "0"]
[White "Liebert Heinz (GER)"]
[Black "Knaak Rainer (GER)"]
[Result "0-1"]
[WhiteElo "2247"]
[BlackElo "2482"]

1.d4 Nf6 2.Nf3 g6 3.c4 Bg7 4.Nc3 O-O 5.e4 d6 6.Be2 Nbd7 7.O-O e5 8.Re1 c6
9.Bf1 a5 10.Rb1 exd4 11.Nxd4 Re8 12.b3 Ng4 13.Qxg4 Bxd4 14.Qg3 Qf6 15.Bb2 Nc5
16.Rbd1 Be5 17.Qe3 g5 18.Qd2 a4 19.b4 Ne6 20.Re3 g4 21.a3 Ng5 22.Qc2 Qh6
23.Rg3 Qg7 24.Nxa4 Bxb2 25.Nxb2 Nxe4 26.Re3 Bf5 27.Bd3 Rxa3 28.Rxe4 Bxe4
29.Bxe4 Rc3 30.Qb1 Rb3 31.Rd2 f5 32.Bxf5 Qc3 33.Rd1 Rxb2 34.Qa1 Rd2 35.Bxg4
Rxd1+ {#R} 0-1

[Event "Ch Moldavia"]
[Site "masterchessopen.com – Kishinev (Moldova)"]
[Round "0"]
[White "Alterman Vladimir I (ISR)"]
[Black "Legky Nikolay A (UKR)"]
[Result "0-1"]
[WhiteElo "2357"]
[BlackElo "2421"]

1.d4 Nf6 2.c4 d6 3.Nc3 e5 4.Nf3 Nbd7 5.e4 g6 6.Be2 Bg7 7.O-O O-O 8.Re1 c6
9.Bf1 a5 10.Be3 Ng4 11.Bg5 f6 12.Bc1 f5 13.exf5 exd4 14.Ne4 gxf5 15.Nxd6 Nc5
16.Nxc8 Ne4 17.Ne5 Bxe5 18.g3 Ng5 19.f3 Ne3 20.Bxe3 dxe3 21.Qxd8 Rxd8 22.Ne7+
Kf7 23.Bg2 Bxb2 24.Rab1 Bc3 25.Re2 Rd2 26.Rbe1 Rd7 27.Nxf5 Bxe1 28.Rxe1 Re8
29.Nxe3 Rd3 30.Kf2 Ne6 31.f4 Nd4 32.g4 Rd2+ 33.Kg3 Rxa2 34.f5 a4 35.Bf1 Ra3
36.Kf4 Raxe3 {#R} 0-1

[Event "?"]
[Site "masterchessopen.com – URS"]
[Round "0"]
[White "Rashkovsky Nukhim N (RUS)"]
[Black "Vasiukov Evgeni (RUS)"]
[Result "1-0"]
[WhiteElo "2517"]
[BlackElo "2555"]

1.Nf3 Nf6 2.c4 g6 3.Nc3 Bg7 4.e4 d6 5.d4 O-O 6.Be2 e5 7.O-O Nbd7 8.Re1 c6
9.Bf1 a5 10.dxe5 dxe5 11.Na4 Qe7 12.Qc2 Nc5 13.Nxc5 Qxc5 14.Be3 Qe7 15.h3 Nh5
16.c5 Kh8 17.Rad1 Nf4 18.Bxf4 exf4 19.Rd6 a4 20.e5 Re8 21.b4 axb3 22.axb3 Ra5
23.Qc3 Qc7 24.b4 Ra8 25.Qd4 Ra4 26.Qxf4 Be6 27.Ng5 Bd5 28.Rxd5 {#r} 1-0

[Event "Ch Baden"]
[Site "masterchessopen.com – Baden (Germany)"]
[Round "0"]
[White "Miltner Arndt (GER)"]
[Black "Werner Clemens (GER)"]
[Result "1-0"]
[WhiteElo "2320"]
[BlackElo "2324"]

1.c4 e5 2.Nc3 d6 3.Nf3 g6 4.d4 Nd7 5.e4 Bg7 6.Be2 Ngf6 7.O-O O-O 8.Re1 c6
9.Bf1 a5 10.h3 exd4 11.Nxd4 Nc5 12.Bf4 Nh5 13.Be3 Re8 14.Qc2 Nf6 15.f3 Nh5
16.Qf2 g5 17.g4 Nf4 18.Rad1 Qf6 19.Nf5 Bxf5 20.exf5 Qh6 21.h4 gxh4 22.Qd2 Rxe3
23.Rxe3 Be5 24.Ne4 Nxe4 25.Rxe4 c5 26.Kh1 Kh8 27.Bd3 Qg5 28.Rg1 Rg8 29.b3 h5
30.Bc2 h3 31.Bd1 b6 32.a3 Qh4 33.Qe3 Qg5 34.Rxe5 dxe5 35.Qxe5+ f6 36.Qd6 Qh6
37.Qxb6 Nd3 38.Qd6 Nf2+ 39.Kh2 hxg4 40.fxg4 Nxd1 41.Qxd1 Re8 42.Rg3 Qf4
43.Kxh3 Qe4 44.Qf3 Qxf3 45.Rxf3 {#r} 1-0

[Event "It"]
[Site "masterchessopen.com – Berlin (Germany)"]
[Round "13"]
[White "Plachetka Jan (SVK)"]
[Black "Paehtz Thomas (GER)"]
[Result "1-0"]
[WhiteElo "2388"]
[BlackElo "2437"]

1.d4 Nf6 2.c4 d6 3.Nf3 g6 4.Nc3 Bg7 5.e4 O-O 6.Be2 e5 7.O-O Nbd7 8.Re1 a5
9.Bf1 c6 10.Rb1 exd4 11.Nxd4 Re8 12.f3 Nc5 13.Be3 a4 14.b4 axb3 15.axb3 Na6
16.b4 Qe7 17.b5 Nb8 18.bxc6 Nxc6 19.Ndb5 Be6 20.Qxd6 Qxd6 21.Nxd6 Re7 22.Nd5
{#r} 1-0

[Event "It"]
[Site "masterchessopen.com – Sofia (Bulgaria)"]
[Round "8"]
[White "Gralka Julian (POL)"]
[Black "Hazai Laszlo (HUN)"]
[Result "0-1"]
[WhiteElo "2247"]
[BlackElo "2420"]

1.d4 Nf6 2.c4 g6 3.Nc3 Bg7 4.e4 d6 5.Nf3 O-O 6.Be2 e5 7.O-O Nbd7 8.Re1 c6
9.Bf1 a5 10.Be3 Ng4 11.Bg5 f6 12.Bd2 exd4 13.Nxd4 f5 14.Nf3 f4 15.h3 Nge5
16.Nxe5 Nxe5 17.Qc2 Qh4 18.Ne2 f3 19.g3 Qh5 20.g4 Bxg4 21.Nf4 Rxf4 22.Bxf4
Bxh3 {#R} 0-1

[Event "Match \"]
[Site "masterchessopen.com – Decin (Czech Republic)"]
[Round "2"]
[White "Reznicek Jan (CZE)"]
[Black "Heinig Wolfram Dr (GER)"]
[Result "1-0"]
[WhiteElo "2185"]
[BlackElo "2321"]

1.Nf3 Nf6 2.c4 g6 3.Nc3 Bg7 4.e4 d6 5.d4 O-O 6.Be2 Nbd7 7.O-O e5 8.Re1 c6
9.Bf1 a5 10.Rb1 exd4 11.Nxd4 Re8 12.f3 Nc5 13.Bf4 d5 14.exd5 Rxe1 15.Qxe1 cxd5
16.Rd1 dxc4 17.Nc6 Qb6 18.Rd8+ Bf8 19.Rxf8+ Kxf8 20.Bh6+ Kg8 21.Nd5 Nd3+
22.Nxb6 Nxe1 23.Ne7+ Kh8 24.Nxa8 Be6 25.Nc7 c3 26.Nxe6 {#r} 1-0

[Event "It (cat.4)"]
[Site "masterchessopen.com – Venice (Italy)"]
[Round "7"]
[White "Sartori Spartaco (ITA)"]
[Black "Nemet Ivan (SUI)"]
[Result "0-1"]
[WhiteElo "2143"]
[BlackElo "2460"]

1.c4 Nf6 2.Nc3 g6 3.e4 d6 4.d4 Bg7 5.Nf3 O-O 6.Be2 Nbd7 7.O-O e5 8.Re1 c6
9.Bf1 a5 10.Rb1 exd4 11.Nxd4 Re8 12.Bg5 a4 13.Nxa4 Qa5 14.Bxf6 Nxf6 15.Nc3 Ng4
16.h3 Qc5 17.hxg4 Bxd4 18.Qd2 Bxg4 19.a3 Re6 20.e5 dxe5 21.Ne4 Qe7 22.Qh6 f5
23.Ng5 Rf6 24.c5 e4 25.Bc4+ Kh8 26.Rf1 e3 27.fxe3 Bxe3+ 28.Kh1 Rff8 {#R} 0-1

[Event "It \"]
[Site "masterchessopen.com – New York (USA)"]
[Date "1980.05.12"]
[Round "2"]
[White "Shamkovich Leonid (USA)"]
[Black "Garcia Luis E (COL)"]
[Result "1-0"]
[WhiteElo "2515"]
[BlackElo "2192"]

1.c4 Nf6 2.Nf3 g6 3.Nc3 Bg7 4.e4 d6 5.d4 O-O 6.Be2 e5 7.O-O Nbd7 8.Re1 c6
9.Bf1 a5 10.b3 Qe7 11.Bb2 Re8 12.Qc2 Nf8 13.dxe5 dxe5 14.Na4 N6d7 15.c5 Ne6
16.Rac1 g5 17.Bc4 g4 18.Bxe6 gxf3 19.Bf5 Qg5 20.g3 Nf8 21.Bxc8 Raxc8 22.Qd3
Qg4 23.Rc3 Ne6 24.Qxf3 Qxf3 25.Rxf3 Rcd8 26.Rfe3 Rd2 27.R3e2 Rd3 28.Kg2 Nd4
29.Bxd4 Rxd4 30.Rc2 Red8 31.Nb6 f6 32.Nc4 a4 33.b4 Bh6 34.Rb1 Bf8 35.Kf3 Rd3+
36.Ke2 R8d4 37.Ne3 Bh6 38.Nf5 Rd2+ 39.Rxd2 Rxd2+ 40.Ke1 Bg5 41.h4 Rxa2 42.hxg5
fxg5 43.Ne3 h5 44.Kf1 Kf7 45.b5 a3 46.bxc6 bxc6 47.Rb7+ {#r} 1-0

[Event "It (open) \"]
[Site "masterchessopen.com – Oslo (Norway)"]
[Round "7"]
[White "Cramling Pia (SWE)"]
[Black "Rantanen Yrjo A (FIN)"]
[Result "0-1"]
[WhiteElo "2489"]
[BlackElo "2465"]

1.c4 g6 2.e4 Bg7 3.d4 d6 4.Nc3 Nf6 5.Be2 O-O 6.Nf3 c6 7.O-O Nbd7 8.Re1 e5
9.Bf1 a5 10.Rb1 Re8 11.d5 Nc5 12.b3 cxd5 13.cxd5 Bd7 14.Nd2 Rf8 15.a3 Ne8
16.b4 axb4 17.axb4 Na4 18.Nxa4 Bxa4 19.Nb3 Nc7 20.Be3 Nb5 21.Qd2 f5 22.f3 fxe4
23.fxe4 Na3 24.Rb2 Rxf1+ 25.Rxf1 Nc4 26.Qf2 Nxb2 27.Qxb2 Qh4 28.Nd2 Bb5 29.Rc1
Qg4 30.Qc3 h5 31.h3 Qe2 32.Nf3 Qd3 33.Ng5 Bh6 34.Qe1 Rf8 35.Kh2 Bc4 36.b5 Rf1
37.Qxf1 Qxf1 38.Rxf1 Bxf1 39.b6 h4 40.g3 Bd3 41.gxh4 Bxg5 42.Bxg5 {#R} 0-1

[Event "Ch Argentina (1/2 final)"]
[Site "masterchessopen.com – Buenos Aires (Argentina)"]
[Round "0"]
[White "Najurieta Enrique (ARG)"]
[Black "Casafus Ruben (ARG)"]
[Result "1-0"]
[WhiteElo "2230"]
[BlackElo "2338"]

1.d4 Nf6 2.c4 d6 3.Nf3 Nbd7 4.Nc3 g6 5.e4 e5 6.Be2 Bg7 7.O-O O-O 8.Re1 c6
9.Bf1 a5 10.Rb1 exd4 11.Nxd4 Re8 12.f3 d5 13.cxd5 Nxd5 14.exd5 Rxe1 15.Qxe1
Bxd4+ 16.Be3 Bxe3+ 17.Qxe3 cxd5 18.Nxd5 Nf6 19.Nxf6+ Qxf6 20.Qe8+ Kg7 21.Rd1
Qb6+ 22.Kh1 Qxb2 23.Rd8 Qc1 24.Qh8+ Kh6 25.Qf8+ Kg5 26.h4+ Kxh4 27.Kh2 Qf4+
28.Kg1 Qe3+ 29.Kh2 Qf4+ 30.Kg1 Kg3 31.Qe7 Be6 32.Rd3 Rc8 33.Qa3 Rc1 34.Qb2 Bc4
35.Qf2# 1-0

[Event "Ch BRD (juniors) (under 20)"]
[Site "masterchessopen.com – Dortmund (Germany)"]
[Round "3"]
[White "Kaiser Wolfgang (GER)"]
[Black "Autenrieth Michael (GER)"]
[Result "0-1"]
[WhiteElo "2294"]
[BlackElo "2239"]

1.d4 Nf6 2.c4 d6 3.Nc3 Nbd7 4.e4 e5 5.Nf3 g6 6.Be2 Bg7 7.O-O O-O 8.Re1 c6
9.Bf1 a5 10.Rb1 Re8 11.d5 Nc5 12.b3 cxd5 13.cxd5 Nh5 14.Nd2 f5 15.g3 Nf6 16.f3
h5 17.Nc4 fxe4 18.fxe4 b5 19.Nxb5 Ncxe4 20.Bd3 Ba6 21.Bxe4 Nxe4 22.Rxe4 Bxb5
23.Be3 Rf8 24.a4 Ba6 25.Qd2 Qf6 26.Bg5 Qf3 27.Re3 Qg4 28.Ree1 Rf5 29.Be7 Bf8
30.Ne3 Bh6 31.Nxg4 Bxd2 32.Red1 Bg5 33.Bxg5 hxg4 34.Be7 e4 35.Bxd6 e3 36.b4
axb4 37.Bxb4 e2 38.Re1 Rb8 39.d6 Rxb4 {#R} 0-1